000 00243nam a2200121Ia 4500
082 _a615.34
_bP14Q
100 _aQADRY, J.S.
245 _aPHARMACOGNOSY
260 _bCBS- DELHI
300 _a565
650 _aPHARMACOLOGY
942 _2ddc
_cBK
_07
999 _c7115
_d7115